000 00527nam a2200205Ia 4500
005 20230325095225.0
008 131103s9999 xx 000 0 und d
020 _cRs.10.00
040 _aLoreto College
041 _aEnglish
082 _a891.443
_bCHA
100 _aChakraborty, Subodh kumar
245 _aRamyani beekshya
_cSubodh kumar Chakraborty
250 _a4th ed.
260 _aCalcutta
_bA Mukherjee & Co. Pvt Ltd.
_c1972
300 _a320p.
650 _aBengali fiction
850 _aLCLIB
942 _cBK
999 _c21496
_d71975